A quel(s) département(s) correspondent ces anciennes provinces ? - Statistiques

Statistiques générales
  • Ce quiz a été pris 39 fois
  • Le résultat moyen est 211 sur 430
Statistiques - réponses
Question Tuile Select % Correct
Alsace 25 Non
94%
Alsace 70 Non
94%
Alsace 54 Non
92%
Alsace 55 Non
92%
Alsace 66 Non
92%
Alsace 67 Oui
89%
Anjou 35 Non
86%
Anjou 36 Non
86%
Alsace 88 Non
86%
Anjou 41 Non
83%
Anjou 45 Non
83%
Alsace 57 Non
83%
Angoumois 22 Non
81%
Angoumois 24 Non
81%
Alsace 68 Oui
81%
Angoumois 12 Non
78%
Angoumois 20 Non
78%
Anjou 37 Non
78%
Auvergne 46 Non
78%
Anjou 79 Non
78%
Angoumois 85 Non
78%
Artois 14 Non
75%
Auvergne 23 Non
75%
Anjou 49 Oui
75%
Artois 51 Non
75%
Artois 52 Non
75%
Bearn & Navarre 67 Non
75%
Bearn & Navarre 69 Non
75%
Auvergne 19 Non
72%
Bearn & Navarre 31 Non
72%
Bearn & Navarre 32 Non
72%
Bearn & Navarre 33 Non
72%
Anjou 44 Non
72%
Auvergne 48 Non
72%
Artois 58 Non
72%
Auvergne 63 Oui
72%
Artois 64 Non
72%
Bearn & Navarre 68 Non
72%
Angoumois 86 Non
72%
Artois 02 Non
69%
Auvergne 12 Non
69%
Angoumois 16 Oui
69%
Bearn & Navarre 40 Non
69%
Bearn & Navarre 64 Oui
69%
Bearn & Navarre 66 Non
69%
Berry 72 Non
69%
Angoumois 79 Non
69%
Angoumois 79 Non
69%
Berry 9 Non
69%
Bigorre 34 Non
67%
Berry 45 Non
67%
Bigorre 47 Non
67%
Bigorre 66 Non
67%
Berry 89 Non
67%
Bourgogne 18 Non
64%
Bourgogne 21 Oui
64%
Berry 28 Non
64%
Bretagne 28 Non
64%
Bigorre 32 Non
64%
Aunis 33 Non
64%
Boulonnais 35 Non
64%
Bourgogne 38 Non
64%
Berry 41 Non
64%
Aunis 44 Non
64%
Aunis 47 Non
64%
Bretagne 49 Non
64%
Aunis 85 Non
64%
Bretagne 85 Non
64%
Aunis 87 Non
64%
Bigorre 9 Non
64%
Aunis 10 Non
61%
Boulonnais 14 Non
61%
Aunis 15 Non
61%
Bretagne 29 Oui
61%
Bretagne 35 Oui
61%
Bigorre 40 Non
61%
Bretagne 50 Non
61%
Flandres 51 Non
61%
Bretagne 53 Non
61%
Flandres 54 Non
61%
Flandres 57 Non
61%
Berry 58 Non
61%
Flandres 58 Non
61%
Champagne 60 Non
61%
Franche-Comté 69 Non
61%
Franche-Comté 72 Non
61%
Franche-Comté 73 Non
61%
Franche-Comté 74 Non
61%
Boulonnais 76 Non
61%
Boulonnais 77 Non
61%
Boulonnais 78 Non
61%
Flandres 8 Non
61%
Artois 80 Non
61%
Boulonnais 80 Non
61%
Bigorre 81 Non
61%
Aunis 86 Non
61%
Boulonnais 92 Non
61%
Boulonnais 93 Non
61%
Champagne 93 Non
61%
Bourbonnais 04 Non
58%
Bourgogne 10 Non
58%
Bourbonnais 19 Non
58%
Bretagne 22 Oui
58%
Franche-Comté 25 Oui
58%
Franche-Comté 26 Non
58%
Bigorre 31 Non
58%
Hainaut 54 Non
58%
Flandres 55 Non
58%
Hainaut 55 Non
58%
Bretagne 56 Oui
58%
Hainaut 57 Non
58%
Artois 60 Non
58%
Hainaut 67 Non
58%
Hainaut 68 Non
58%
Bourbonnais 69 Non
58%
Anjou 72 Non
58%
Champagne 80 Non
58%
Flandres 80 Non
58%
Ile-de-France 92 Oui
58%
Ile-de-France 93 Oui
58%
Ile-de-France 94 Oui
58%
Savoie 05 Non
56%
Comté de Foix 10 Non
56%
Lorraine 10 Non
56%
Hainaut 11 Non
56%
Comté de Nice 13 Non
56%
Aunis 16 Non
56%
Limousin 16 Non
56%
Comté de Nice 16 Non
56%
Comté de Nice 20 Non
56%
Lorraine 21 Non
56%
Poitou 24 Non
56%
Dauphiné 27 Non
56%
Comté de Nice 3 Non
56%
Gascogne et Guyenne 33 Oui
56%
Lyonnais 36 Non
56%
Orléanais 36 Non
56%
Poitou 36 Non
56%
Poitou 37 Non
56%
Lyonnais 39 Non
56%
Savoie 39 Non
56%
Orléanais 40 Non
56%
Auvergne 42 Non
56%
Bourbonnais 42 Non
56%
Bourbonnais 43 Non
56%
Provence 48 Non
56%
Champagne 51 Oui
56%
Hainaut 51 Non
56%
Picardie 51 Non
56%
Flandres 52 Non
56%
Picardie 52 Non
56%
Lyonnais 63 Non
56%
Roussillon 63 Non
56%
Bigorre 64 Non
56%
Roussillon 65 Non
56%
Lyonnais 68 Non
56%
Lyonnais 69 Oui
56%
Savoie 70 Non
56%
Orléanais 72 Non
56%
Savoie 73 Oui
56%
Ile-de-France 75 Oui
56%
Picardie 77 Non
56%
Roussillon 81 Non
56%
Comté de Nice 84 Non
56%
Touraine 86 Non
56%
Lorraine 90 Non
56%
Savoie 90 Non
56%
Ile-de-France 91 Oui
56%
Touraine 91 Non
56%
Picardie 93 Non
56%
Touraine 94 Non
56%
Ile-de-France 95 Oui
56%
Savoie 01 Non
53%
Dauphiné 1 Non
53%
Languedoc 10 Non
53%
Comté de Foix 12 Non
53%
Roussillon 12 Non
53%
Maine 14 Non
53%
Normandie 14 Oui
53%
Picardie 14 Non
53%
Angoumois 17 Non
53%
Berry 18 Oui
53%
Savoie 25 Non
53%
Comté de Nice 26 Non
53%
Orléanais 27 Non
53%
Roussillon 31 Non
53%
Comté de Foix 32 Non
53%
Maine 35 Non
53%
Normandie 35 Non
53%
Berry 37 Non
53%
Savoie 38 Non
53%
Comté de Nice 4 Non
53%
Touraine 45 Non
53%
Périgord 48 Non
53%
Roussillon 48 Non
53%
Touraine 49 Non
53%
Comté de Nice 5 Non
53%
Normandie 53 Non
53%
Lorraine 57 Oui
53%
Artois 59 Non
53%
Boulonnais 59 Non
53%
Comté de Nice 6 Oui
53%
Maine 60 Non
53%
Artois 62 Oui
53%
Bourbonnais 63 Non
53%
Limousin 63 Non
53%
Comté de Foix 64 Non
53%
Roussillon 64 Non
53%
Franche-Comté 71 Non
53%
Normandie 72 Non
53%
Savoie 72 Non
53%
Touraine 72 Non
53%
Normandie 76 Oui
53%
Picardie 76 Non
53%
Orléanais 77 Non
53%
Comté de Foix 8 Non
53%
Normandie 80 Non
53%
Picardie 80 Oui
53%
Périgord 82 Non
53%
Dauphiné 84 Non
53%
Limousin 85 Non
53%
Orléanais 86 Non
53%
Périgord 86 Non
53%
Périgord 12 Non
50%
Poitou 17 Non
50%
Limousin 18 Non
50%
Touraine 18 Non
50%
Périgord 19 Non
50%
Limousin 24 Non
50%
Périgord 24 Oui
50%
Normandie 28 Non
50%
Provence 30 Non
50%
Périgord 33 Non
50%
Languedoc 34 Oui
50%
Maine 37 Non
50%
Lyonnais 38 Non
50%
Gascogne et Guyenne 40 Oui
50%
Lyonnais 43 Non
50%
Maine 50 Non
50%
Normandie 50 Oui
50%
Lorraine 51 Non
50%
Saumurois 53 Non
50%
Hainaut 59 Oui
50%
Comté de Foix 65 Non
50%
Dauphiné 69 Non
50%
Dauphiné 7 Non
50%
Maine 71 Non
50%
Ile-de-France 78 Oui
50%
Limousin 79 Non
50%
Saumurois 79 Non
50%
Périgord 81 Non
50%
Saumurois 87 Non
50%
Nivernais 10 Non
47%
Provence 13 Oui
47%
Poitou 16 Non
47%
Nivernais 21 Non
47%
Périgord 23 Non
47%
Comté de Foix 31 Non
47%
Saumurois 36 Non
47%
Touraine 37 Oui
47%
Dauphiné 38 Oui
47%
Dauphiné 4 Non
47%
Saumurois 41 Non
47%
Auvergne 43 Oui
47%
Saumurois 44 Non
47%
Nivernais 45 Non
47%
Champagne 52 Oui
47%
Lorraine 52 Non
47%
Nivernais 58 Oui
47%
Flandres 59 Oui
47%
Nivernais 59 Non
47%
Normandie 61 Oui
47%
Nivernais 63 Non
47%
Comté de Foix 66 Non
47%
Bourbonnais 71 Non
47%
Lyonnais 71 Non
47%
Saumurois 72 Non
47%
Savoie 74 Oui
47%
Ile-de-France 77 Oui
47%
Hainaut 8 Non
47%
Comté de Nice 83 Non
47%
Poitou 86 Oui
47%
Bourgogne 89 Oui
47%
Nivernais 89 Non
47%
Bourbonnais 03 Oui
44%
Comté de Foix 11 Non
44%
Comtat-Venaissin 13 Non
44%
Auvergne 15 Oui
44%
Nivernais 18 Non
44%
Orléanais 18 Non
44%
Saintonge 18 Non
44%
Saintonge 24 Non
44%
Normandie 27 Oui
44%
Languedoc 30 Oui
44%
Touraine 36 Non
44%
Franche-Comté 39 Oui
44%
Comtat-Venaissin 4 Non
44%
Touraine 41 Non
44%
Orléanais 45 Oui
44%
Périgord 47 Non
44%
Saintonge 49 Non
44%
Comtat-Venaissin 5 Non
44%
Lorraine 54 Oui
44%
Perche 60 Non
44%
Boulonnais 62 Oui
44%
Bigorre 65 Oui
44%
Bourgogne 71 Oui
44%
Dauphiné 74 Non
44%
Provence 84 Oui
44%
Saintonge 87 Non
44%
Lyonnais 1 Non
42%
Champagne 10 Oui
42%
Languedoc 11 Oui
42%
Comtat-Venaissin 12 Non
42%
Dombes 17 Non
42%
Dombes 21 Non
42%
Provence 26 Non
42%
Comtat-Venaissin 34 Non
42%
Roussillon 34 Non
42%
Dombes 38 Non
42%
Perche 41 Non
42%
Dombes 42 Non
42%
Perche 50 Non
42%
Lorraine 55 Oui
42%
Bourbonnais 58 Non
42%
Picardie 62 Non
42%
Roussillon 66 Oui
42%
Franche-Comté 70 Oui
42%
Nivernais 71 Non
42%
Perche 76 Non
42%
Comtat-Venaissin 83 Non
42%
Provence 83 Oui
42%
Saintonge 85 Non
42%
Limousin 87 Oui
42%
Poitou 87 Non
42%
Comté de Foix 9 Oui
42%
Marche 16 Non
39%
Aunis 17 Oui
39%
Marche 21 Non
39%
Dombes 25 Non
39%
Dombes 3 Non
39%
Saintonge 33 Non
39%
Dombes 39 Non
39%
Orléanais 41 Non
39%
Gascogne et Guyenne 47 Oui
39%
Languedoc 48 Oui
39%
Saumurois 49 Oui
39%
Saintonge 79 Non
39%
Comtat-Venaissin 82 Non
39%
Limousin 86 Non
39%
Saintonge 86 Non
39%
Nivernais 03 Non
36%
Saintonge 17 Oui
36%
Limousin 19 Oui
36%
Gascogne et Guyenne 24 Oui
36%
Perche 27 Non
36%
Berry 36 Oui
36%
Marche 37 Non
36%
Comtat-Venaissin 7 Non
36%
Poitou 79 Non
36%
Auvergne 03 Non
33%
Comtat-Venaissin 30 Non
33%
Marche 41 Non
33%
Flandres 62 Non
33%
Dombes 69 Non
33%
Poitou 79 Oui
33%
Picardie 2 Oui
31%
Dauphiné 26 Oui
31%
Gascogne et Guyenne 32 Oui
31%
Dauphiné 5 Oui
31%
Bearn & Navarre 65 Non
31%
Perche 72 Non
31%
Roussillon 11 Non
28%
Provence 5 Non
28%
Hainaut 62 Non
28%
Comtat-Venaissin 84 Oui
28%
Marche 86 Non
28%
Lorraine 88 Non
28%
Marche 22 Non
25%
Marche 23 Non
25%
Anjou 53 Oui
25%
Bourgogne 58 Non
25%
Perche 61 Oui
25%
Dombes 71 Non
25%
Franche-Comté 90 Non
25%
Provence 4 Non
22%
Bretagne 44 Non
22%
Dombes 1 Oui
19%
Limousin 23 Non
19%
Gascogne et Guyenne 31 Oui
19%
Provence 4 Oui
19%
Lyonnais 42 Oui
19%
Maine 53 Oui
19%
Champagne 8 Oui
19%
Alsace 90 Oui
19%
Saintonge 16 Oui
17%
Champagne 2 Oui
17%
Gascogne et Guyenne 46 Oui
17%
Maine 49 Non
17%
Maine 72 Oui
17%
Perche 14 Oui
14%
Languedoc 43 Oui
14%
Provence 6 Oui
14%
Picardie 60 Non
14%
Languedoc 7 Oui
14%
Gascogne et Guyenne 81 Oui
14%
Languedoc 82 Oui
14%
Poitou 85 Oui
14%
Bourbonnais 18 Oui
11%
Gascogne et Guyenne 65 Oui
11%
Bourgogne 70 Oui
11%
Marche 87 Oui
11%
Gascogne et Guyenne 12 Oui
8%
Orléanais 28 Oui
8%
Languedoc 31 Oui
8%
Ile-de-France 60 Oui
8%
Champagne 77 Oui
8%
Bourgogne 01 Oui
6%
Languedoc 3 Oui
3%
Marche 36 Oui
3%
Saumurois 38 Oui
3%
Bourgogne 52 Oui
3%
Perche 53 Oui
3%
Maine 61 Oui
3%
Lorraine 8 Oui
3%
Champagne 89 Oui
3%
Ile-de-France 2 Oui
0%
Perche 35 Oui
0%
Marche 79 Oui
0%
Saumurois 86 Oui
0%
Aucun quiz correspondant
Distribution des résultats
% des personnes avec chaque résultat
Percentile par nombre de réponses
Votre historique - résultats
Vous n’avez pas pris ce quiz